01211nab a22002297a 4500999001500000003000400015005001700019008004100036040000700077100002600084245009100110300001300201500003700214505027700251505014700528650002800675650004000703650003500743700003400778773015600812942001300968 c6212d6212OSt20260125234541.0190514b xxu||||| |||| 00| 0 spa d cPJ 94488aOrtiz, Diego O.13aLa visibilización institucional de las múltiples vulnerabilidades /bDiego Ortiz.  ap. 47-55 aCita: TR LALEY AR/DOC/1513/2024. aSumario: I. Introducción.— II. Los hechos del caso.— III. Las vulnerabilidades.— IV. La visibilización de la articulación interinstitucional.— V. La violencia económica y vicaria.— VI. La autorización para viajar contextualizada.— VII. Conclusión.  tFallo comentado: JNiñez,Adoles.Viol.Fliar y de Género de 3° nom., Córdoba ~ 13/11/2023 ~ P. M. D. s/ denuncia por violencia familiar. 09967aDERECHO DE FAMILIA 094695aSITUACIÓN DE VULNERABILIDAD 091057aJURISPRUDENCIA APLICABLE 96939aPedrido Mariani, Julia 0 0284493222dBuenos Aires : AbeledoPerrot, 1989-tDerecho de familia. Revista Interdisciplinaria de doctrina y jurisprudencia. Agosto 2024-IV.z18511201 2udccANA